Statistics for Euro 2016 Dream Team - First Group Stage Day

Click here to take the quiz!

General Stats

  • This quiz has been taken 52 times
  • The average score is 6 of 11

Answer Stats

Answer% Correct
Gareth Bale
88%
Luka Modrić
68%
Giorgio Chiellini
63%
Dimitri Payet
61%
Leonardo Bonucci
61%
Andrés Iniesta
59%
Arkadiusz Milik
46%
Toni Kroos
46%
Łukasz Piszczek
39%
Raphaël Guerreiro
32%
Hannes Halldórsson
12%

Score Distribution

Percentile by Number Answered

Percent of People with Each Score

Your Score History

You have not taken this quiz